Historia de Alemania
Salvato in:
| Autore principale: | |
|---|---|
| Natura: | Libro |
| Lingua: | spagnolo |
| Pubblicazione: |
Santiago
Ercilla
1941
|
| Soggetti: | |
| Tags: |
Aggiungi Tag
Nessun Tag, puoi essere il primo ad aggiungerne!!
|
MARC
| LEADER | 00000nam a2200000 a 4500 | ||
|---|---|---|---|
| 001 | UCO0771 | ||
| 003 | CL-VaPUC | ||
| 008 | 000428e19410000CL |||||||||||||||||spa|d | ||
| 082 | 0 | 4 | |a 943 |b BON |2 21 |
| 100 | 0 | |a Bonnefon, Charles |e author |9 442259 | |
| 245 | 1 | 0 | |a Historia de Alemania |
| 300 | |a 352 p | ||
| 942 | |c BK | ||
| 945 | |d 20000428 00:00:00 |a rherrera | ||
| 260 | |a Santiago |b Ercilla |c 1941 | ||
| 600 | 0 | |a Carlomagno |9 343111 | |
| 600 | 0 | 7 | |a FEDERICO II |2 CL-VaPUC |9 400945 |
| 600 | 0 | 7 | |a GUILLERMO II |2 CL-VaPUC |9 437773 |
| 600 | 0 | 7 | |a BISMARCK-SCHONHAUSEN, OTTO VON |2 CL-VaPUC |9 442260 |
| 650 | 7 | |a HISTORIA DE ALEMANIA SIGLO 18 |2 CL-VaPUC |9 442261 | |
| 650 | 0 | |a Bárbaros |9 401294 | |
| 650 | 0 | |a Primera Guerra Mundial |9 373283 | |
| 650 | 0 | |a Relaciones Internacionales |9 255740 | |
| 651 | 0 | |a Prusia |9 332663 | |
| 651 | 0 | |a Alemania |9 255688 | |
| 583 | |a last modification |c 20160826 11:21:13 |k Rodrigo Vera | ||
| 999 | |c 287418 |d 287416 | ||
| 952 | |0 0 |1 0 |4 0 |6 943_000000000000000_BON_1941 |7 0 |8 X |9 334267 |a BIBHIS |b BIBHIS |d 2019-11-20 |i 1266063 |o 943 BON 1941 |p 1266063 |r 2024-01-30 |w 2019-11-20 |y BK_X |k HIS | ||